The interest around Chandrayaan-2 hides the gloomy future of research in India (Record no. 511921)

000 -LEADER
fixed length control field 00494nam a2200157 4500
008 - FIXED-LENGTH DATA ELEMENTS--GENERAL INFORMATION
fixed length control field 191022b ||||| |||| 00| 0 eng d
100 ## - MAIN ENTRY--PERSONAL NAME
Personal name Roychowdhury, Sambit
245 ## - TITLE STATEMENT
Title The interest around Chandrayaan-2 hides the gloomy future of research in India
260 ## - PUBLICATION, DISTRIBUTION, ETC. (IMPRINT)
Name of publisher, distributor, etc Mainstream
300 ## - PHYSICAL DESCRIPTION
Extent 57(41), 28 Sep, 2019: p.30-32.
650 ## - SUBJECT ADDED ENTRY--TOPICAL TERM
Topical term or geographic name as entry element Science Research - India
9 (RLIN) 12416
650 ## - SUBJECT ADDED ENTRY--TOPICAL TERM
Topical term or geographic name as entry element Space research - India
9 (RLIN) 12417
773 ## - HOST ITEM ENTRY
Main entry heading Mainstream
906 ## - LOCAL DATA ELEMENT F, LDF (RLIN)
Subject DIP Astronomy
942 ## - ADDED ENTRY ELEMENTS (KOHA)
Source of classification or shelving scheme
Item type Articles
Holdings
Withdrawn status Lost status Source of classification or shelving scheme Damaged status Not for loan Permanent location Current location Date acquired Serial Enumeration / chronology Barcode Date last seen Koha item type
          Indian Institute of Public Administration Indian Institute of Public Administration 2019-10-22 57(41), 28 Sep, 2019: p.30-32. AR121393 2019-10-22 Articles

Powered by Koha